| 000 | 00519nam a2200169 i 4500 | ||
|---|---|---|---|
| 001 | 79017 | ||
| 003 | ES-MaACL | ||
| 005 | 20230906173859.0 | ||
| 007 | t| | ||
| 008 | 041019s1968 sp ||||1| spa d | ||
| 100 | 1 |
_aHeinlein, Robert A. _962380 |
|
| 245 | 1 | 0 |
_aRevuelta en el 2100 / _cRobert A. Heinlein ; [traducción, Jesús de la Torre Roldán]. |
| 260 |
_a[Barcelona] : _bGeminis, _c[1968] |
||
| 300 |
_a256 p. ; _c18 cm. |
||
| 700 | 1 |
_aTorre Roldán, Jesús de la. _9110785 |
|
| 852 |
_aES-MaACL _jC-37078 _bR.68187 |
||
| 999 |
_c79017 _d79017 |
||